Movies Quiz

Random Movies or Clickable Quiz
Score 0/20 Timer 05:00
0 Plays Today
% Correct
The Wizard of Oz
97.6%
Toy Story
97.5%
Back to the Future
95.5%
Harry Potter and the Deathly Hallows: Part 2
95.5%
The Hobbit
93.4%
Pitch Perfect
92.6%
WALL-E
91.6%
Terminator 2: Judgment Day
86.6%
The Sixth Sense
86.5%
Armageddon
85.9%
% Correct
Mission: Impossible
84.7%
Pirates of the Caribbean: The Curse of the Black Pearl
83.5%
Titanic
83%
The Hunger Games
81.6%
Interstellar
81.2%
Avengers: Age of Ultron
80.4%
Teenage Mutant Ninja Turtles (1990)
79.8%
The Matrix
79.3%
Spider-Man 3
78.6%
Goldfinger
77.8%
Remove Ads.
Support Sporcle.
Get the best of Sporcle when you Go Orange. This ad-free experience offers more features, more stats, and more fun while also helping to support Sporcle. Thank you for becoming a member.

You're not logged in!

Compare scores with friends on all Sporcle quizzes.
OR
Log In

Show Comments

Extras

Top Quizzes Today


Score Distribution

Your Account Isn't Verified!

In order to create a playlist on Sporcle, you need to verify the email address you used during registration. Go to your Sporcle Settings to finish the process.

Report this User

Report this user for behavior that violates our Community Guidelines.

Details: